Normal view
MARC view
Entry Personal Name
001 - CONTROL NUMBER
- control field: 10190
003 - CONTROL NUMBER IDENTIFIER
- control field: BD-RjUL
005 - DATE AND TIME OF LATEST TRANSACTION
- control field: 20231127110124.0
008 - FIXED-LENGTH DATA ELEMENTS
- fixed length control field: 231127|| aca||aabn | a|a d
040 ## - CATALOGING SOURCE
- Original cataloging agency: BD-RjUL
- Transcribing agency: BD-RjUL
100 ## - HEADING--PERSONAL NAME
- Personal name: Patz, Deborah S.,
- Dates associated with a name: 1963-
670 ## - SOURCE DATA FOUND
- Source citation: Work cat.: (BD-RjUL)82350: Patz, Deborah S., 1963-, Film production management 101 :, c2010.